000 00337nam a2200133 i 4500
001 bg
100 1 _aZAKRZEWSKI, Zbigniew
245 0 _aPrzechadzki po Poznaniu lat międzywojennych /
_cZbigniew Zakrzewski.
260 _aWarszawa,
_c1983.
040 _cBPK
041 _apol
942 _cKS
008 s pl f |000 0 pol
999 _c22149
_d22149
856 _uhttp://koha.tu.koszalin.pl/cgi-bin/koha/opac-detail.pl?biblionumber=22149
_yKatalog online BPK